<?xml version="1.0" encoding="UTF-8"?><?xml-stylesheet type="text/xsl" href="static/style.xsl"?><OAI-PMH xmlns="http://www.openarchives.org/OAI/2.0/" xmlns:xsi="http://www.w3.org/2001/XMLSchema-instance" xsi:schemaLocation="http://www.openarchives.org/OAI/2.0/ http://www.openarchives.org/OAI/2.0/OAI-PMH.xsd"><responseDate>2026-04-17T03:49:22Z</responseDate><request verb="GetRecord" identifier="oai:www.recercat.cat:10459.1/464062" metadataPrefix="marc">https://recercat.cat/oai/request</request><GetRecord><record><header><identifier>oai:recercat.cat:10459.1/464062</identifier><datestamp>2025-09-15T18:16:35Z</datestamp><setSpec>com_2072_3622</setSpec><setSpec>col_2072_479130</setSpec></header><metadata><record xmlns="http://www.loc.gov/MARC21/slim" xmlns:dcterms="http://purl.org/dc/terms/" xmlns:xsi="http://www.w3.org/2001/XMLSchema-instance" xmlns:doc="http://www.lyncode.com/xoai" xsi:schemaLocation="http://www.loc.gov/MARC21/slim http://www.loc.gov/standards/marcxml/schema/MARC21slim.xsd">
   <leader>00925njm 22002777a 4500</leader>
   <datafield ind2=" " ind1=" " tag="042">
      <subfield code="a">dc</subfield>
   </datafield>
   <datafield ind2=" " ind1=" " tag="720">
      <subfield code="a">Barrachina, Valentina</subfield>
      <subfield code="e">author</subfield>
   </datafield>
   <datafield ind2=" " ind1=" " tag="720">
      <subfield code="a">Mainer-Pardos, Elena</subfield>
      <subfield code="e">author</subfield>
   </datafield>
   <datafield ind2=" " ind1=" " tag="720">
      <subfield code="a">Arbones, Irela</subfield>
      <subfield code="e">author</subfield>
   </datafield>
   <datafield ind2=" " ind1=" " tag="720">
      <subfield code="a">Marcen, Celia</subfield>
      <subfield code="e">author</subfield>
   </datafield>
   <datafield ind2=" " ind1=" " tag="260">
      <subfield code="c">2023</subfield>
   </datafield>
   <datafield ind2=" " ind1=" " tag="520">
      <subfield code="a">This paper presents the main results of the Kids in Action (KIA) project, which aimed to promote physical activity and sport among children aged 3 to 11, by linking the education, sports, and family sectors. It applies the concepts of proximity consumption and the 15-min city to sustainable and healthy habits. This study aims to evaluate the application of the concept of proximity to the provision of physical sports activities from an early age to reduce the drop-out rate of PA through collaboration between schools, local government, and the sports sector. A mixed methodology was used, applying a survey and interviews with the stakeholders to identify good practices when promoting physical activity at an early age. A total of 147 children and 10 adults (3 family members, 4 school managers or teachers, and 3 sports managers) participated. The main results included the importance of introducing sport and providing adequate facilities, namely through guided workshops. It influences not only the actual participation in sport but also the intention to continue practicing it. It is observed that children with less affinity for conventional sports benefit particularly from initiatives such as the KIA program. On the other hand, the lack of available resources and the influence of sports culture in families are considered the main barriers. They are factors that harm the quality of participation.</subfield>
   </datafield>
   <datafield ind2=" " ind1=" " tag="520">
      <subfield code="a">This research was funded by the European Commission, grant number 622130-EPP-1-2020-1-PT-SPO-SSCP.</subfield>
   </datafield>
   <datafield tag="653" ind2=" " ind1=" ">
      <subfield code="a">Children</subfield>
   </datafield>
   <datafield tag="653" ind2=" " ind1=" ">
      <subfield code="a">Sport clubs</subfield>
   </datafield>
   <datafield tag="653" ind2=" " ind1=" ">
      <subfield code="a">Halthy habits</subfield>
   </datafield>
   <datafield tag="653" ind2=" " ind1=" ">
      <subfield code="a">Physical activity</subfield>
   </datafield>
   <datafield tag="653" ind2=" " ind1=" ">
      <subfield code="a">Mixed methods</subfield>
   </datafield>
   <datafield ind2="0" ind1="0" tag="245">
      <subfield code="a">Proximity Sports as a Sustainable Strategy for the Promotion of Physical Activity at an Early Age: The KIA Project</subfield>
   </datafield>
</record></metadata></record></GetRecord></OAI-PMH>